000 00298nam a2200121Ia 4500
008 190216s9999||||xx |||||||||||||| ||und||
100 _aAlka Mukopadhyay
245 0 _aHindi-Nadak Ka Anthima Drishya
260 _bNew Age International Publishers
300 _a112
650 _aHindi
942 _cBK
999 _c15907
_d15907